Najchętniej odwiedzane przez turystów miasta na świecie. - Statystyki

Ogólne statystyki
  • Ten quiz został rozwiązany 1 232 razy
  • Średni wynik to 8 z 20
Statystyki odpowiedzi
Lp. Liczba turystów (2018) Miasto % Poprawnych
3. 17,4 miliona Paryż
96%
2. 19,8 miliona Londyn
90%
6. 13,1 miliona Nowy Jork
88%
8. 11,9 miliona Tokio
86%
17. 8,7 miliona Barcelona
75%
9. 10,7 miliona Stambuł
55%
4. 15,8 miliona Dubaj
50%
15. 8,8 miliona Mediolan
50%
1. 20 milionów Bangkok
45%
10. 9,5 miliona Seul
44%
14. 9,0 miliona Hong Kong
34%
5. 13,9 miliona Singapur
33%
19. 8,4 miliona Osaka
20%
7. 12,6 miliona Kuala Lumpur
18%
13. 9,2 miliona Mekka
16%
20. 8,3 miliona Bali
11%
16. 8,8 miliona Palma de Mallorca
8%
11. 9,4 miliona Antalya
6%
12. 9,3 miliona Phuket
5%
18. 8,7 miliona Pattaya
3%
Nie znaleziono quizów pasujących do podanych kryteriów
Rozkład punktacji
Procent ludzi z każdym wynikiem
Percentyl według liczby udzielonych odpowiedzi
Twoja historia wyników
Nie rozwiązałeś tego quizu